長距離フェリーの寄港場所 - Statistics

General Stats
  • This quiz has been taken 273 times
  • The average score is 25 of 34
Answer Stats
Answer % Correct
苫小牧
93%
苫小牧
93%
大阪
90%
大阪
90%
東京
90%
大阪
90%
新潟
89%
新潟
89%
小樽
88%
小樽
88%
宮崎
87%
仙台
86%
神戸
86%
神戸
86%
神戸
86%
名古屋
85%
大洗
80%
北九州/新門司
80%
秋田
77%
舞鶴
75%
大分
75%
敦賀
70%
敦賀
70%
徳島
70%
別府
59%
志布志
59%
横須賀
58%
新門司
49%
新門司
49%
新門司
49%
新門司
49%
苫小牧東
39%
苫小牧東
39%
泉大津
32%
No matching quizzes found
Score Distribution
Percent of People with Each Score
Percentile by Number Answered
Your Score History
You have not taken this quiz